Sports Quiz

Random Sports or NFL Quiz

What if you could win NFL MVP just once? 1989-Present Quiz Stats

 Plays Quiz not verified by Sporcle

Challenge
Share
Tweet
Embed
Score 0/28 Timer 14:00
0 Plays Today
Year Player % Correct
1989Joe Montana
76.9%
2003Payton Manning OR Steve McNair
72.5%
2008Chad Pennington OR Michael Turner
72.5%
2010Tom Brady - Unanimous
72.5%
2013Peyton Manning and Tom Brady
72.5%
1997Dana Stubblefield OR Jerome Bettis
70.3%
1995Brett Favre
63.7%
2001Kordell Stewart
61.5%
2007Tom Brady
61.5%
2012Adrian Peterson
61.5%
2011Aaron Rodgers
59.3%
1993Emmitt Smith
58.2%
2014J.J. Watt
57.1%
1999Kurt Warner
56%
Year Player % Correct
2016Cam Newton
55.6%
2000Marshall Faulk
54.9%
2006LaDanian Tomlinson
54.9%
1992Steve Young
53.8%
2005Shaun Alexander
53.8%
1998Terrell Davis
50.5%
2009Drew Brees
49.5%
1991Thurman Thomas
46.2%
2002Rich Gannon
46.2%
1994Barry Sanders
39.6%
1996John Elway
39.6%
2004Michael Vick
23.1%
2015Tony Romo OR DeMarco Murray
22.2%
1990Randall Cunningham
19.8%

You're not logged in!

Compare scores with friends on all Sporcle quizzes.
Join for Free
OR
Log In

You Might Also Like...

Show Comments

Extras

Top Quizzes Today


Score Distribution

Your Account Isn't Verified!

In order to create a playlist on Sporcle, you need to verify the email address you used during registration. Go to your Sporcle Settings to finish the process.

Report this User

Report this user for behavior that violates our Community Guidelines.

Details: